A Manresa por la puerta del Llobregat : nuevo acceso al Bages desde Barcelona / J.T.C. nuevo acceso al Bages desde Barcelona / J.T.C.
Publicado:
San Jorge, núm. 73 (1r trimestre 1969), pàg 59 - 60 :
MARC
| LEADER | 00000nam a2200000Ia 4500 | ||
|---|---|---|---|
| 001 | |||
| 008 | 160829s9999 xx 000 0 cat d | ||
| 100 | |a T. C., J. |9 29817 | ||
| 245 | 2 | |a A Manresa por la puerta del Llobregat : |b nuevo acceso al Bages desde Barcelona / J.T.C. | |
| 260 | |a San Jorge, núm. 73 (1r trimestre 1969), pàg 59 - 60 | ||
| 650 | |a Carreteres |x Manresa |x Projectes i construcció |9 36776 | ||
| 650 | |a Carreteres |x Barcelona |x Projectes i construcció |9 36777 | ||
| 650 | 0 | |a Carreteres |z Barcelona (Província) |x Disseny i construcció |9 42899 | |
| 901 | |a Arxiu | ||
| 942 | |n 1 | ||
| 952 | |0 0 |1 0 |4 0 |7 1 |9 47512 |a Arxiu |b Arxiu |d 2016-12-01 |l 0 |r 2016-12-01 00:00:00 |w 2016-12-01 |y ARXIU | ||
| 999 | |c 51311 |d 51311 | ||